| 000 | 00401cam a22001217a 4500 | ||
|---|---|---|---|
| 008 | 180718b1963 xxu||||| |||| 00| 0 eng d | ||
| 082 | _aA81x54 In2/61/Vol 9/Pt 6-2 | ||
| 100 | _aCensus of India 1961 | ||
| 245 | _aMadras: village survey monographs, Thebaranadu | ||
| 260 |
_aDelhi _bThe Manager of Publications _c1963 |
||
| 300 | _a82+p. | ||
| 440 | _aCensus of India 1961. Volume IX, Madras. Part VI-(ii) | ||
| 999 |
_c484151 _d484151 |
||